[Event "Battle of Alberta"]
[Site "Red Deer"]
[Date "2017.09.09"]
[Round "1.2"]
[White "Valencia, Belsar"]
[Black "Haessel, Dale R"]
[Result "1/2-1/2"]
[WhiteElo "2274"]
[BlackElo "2213"]
[PlyCount "105"]
[EventDate "2017.09.09"]
[EventType "team-match"]
[EventRounds "2"]
[EventCountry "CAN"]
[SourceTitle "EXT 2019"]
[Source "ChessBase"]
[SourceDate "2018.10.10"]
[SourceVersion "1"]
[SourceVersionDate "2018.10.10"]
[SourceQuality "1"]
[WhiteTeam "Alberta North"]
[BlackTeam "Alberta South"]
[WhiteTeamCountry "CAN"]
[BlackTeamCountry "CAN"]

1. Nf3 Nf6 2. c4 c5 3. g3 g6 4. Bg2 Bg7 5. 0-0 d5 6. Nc3 Nc6 7. d3 0-0 8. cxd5 Nxd5 9. Bd2 Nxc3 10. Bxc3 e5 11. Nd2 Bd7 12. a4 Qe7 13. Nc4 Rac8 14. a5 Rfd8 15. Re1 Bf5 16. Qa4 Nd4 17. Bxd4 Rxd4 18. Qb5 e4 19. Bxe4 Bxe4 20. dxe4 Qxe4 21. Rac1 Qc6 22. Qxc6 Rxc6 23. e3 Rd8 24. Red1 Bf6 25. f4 Kf8 26. Kf1 Ke8 27. b3 b5 28. axb6 axb6 29. Rxd8+ Kxd8 30. Rd1+ Kc7 31. Ke2 b5 32. Na3 Rb6 33. e4 Kc6 34. Nc2 Ra6 35. e5 Be7 36. Kd3 Kd5 37. Ne3+ Ke6 38. Nc2 f6 39. Re1 Ra7 40. exf6+ Kxf6 41. Ne3 Rd7+ 42. Kc2 h5 43. Ra1 g5 44. fxg5+ Kxg5 45. Ra6 h4 46. Rb6 hxg3 47. hxg3 b4 48. Re6 Bf6 49. Re4 Bd4 50. Rg4+ Kh5 51. Rh4+ Kg5 52. Rg4+ Kh5 53. Rh4+ 1/2-1/2

[Event "Edmonton 12th"]
[Site "Edmonton"]
[Date "2017.06.25"]
[Round "9"]
[White "Haessel, Dale R"]
[Black "Valencia, Belsar"]
[Result "1/2-1/2"]
[WhiteElo "2165"]
[BlackElo "2304"]
[PlyCount "87"]
[EventDate "2017.06.20"]
[EventType "swiss"]
[EventRounds "9"]
[EventCountry "CAN"]
[SourceTitle "EXT 2019"]
[Source "ChessBase"]
[SourceDate "2018.10.10"]
[SourceVersion "1"]
[SourceVersionDate "2018.10.10"]
[SourceQuality "1"]

1. d4 Nf6 2. c4 g6 3. Nc3 Bg7 4. e4 d6 5. h3 0-0 6. Nf3 e5 7. d5 a5 8. Bg5 Na6 9. Be2 Nc5 10. Nd2 Bd7 11. g4 c6 12. h4 a4 13. h5 Qa5 14. f3 a3 15. Qc2 axb2 16. Rb1 Rfc8 17. Rxb2 cxd5 18. exd5 e4 19. hxg6 hxg6 20. fxe4 Nxg4 21. Nd1 Ba4 22. Qb1 Bxd1 23. Qxd1 Qc3 24. Bxg4 Qg3+ 25. Kf1 Nd3 26. Nf3 Qxg4 27. Qxd3 Bxb2 28. Rh4 Ra3 29. Qxa3 Qxh4 30. Qxb2 Qxe4 31. Qf6 Qxc4+ 32. Kf2 Qc2+ 33. Kg3 Qf5 34. Qxf5 gxf5 35. Be7 Rc5 36. Bxd6 Rxd5 37. Bb4 f6 38. Kf4 Kf7 39. Bc3 Rd3 40. Bb4 Ke6 41. a3 b6 42. Bf8 Kd5 43. Be7 Ke6 44. Bf8 1/2-1/2

[Event "Richmond Keres Memorial 42nd"]
[Site "Richmond"]
[Date "2017.05.21"]
[Round "4"]
[White "Orlov, Georgi"]
[Black "Valencia, Belsar"]
[Result "1-0"]
[WhiteElo "2529"]
[BlackElo "2378"]
[PlyCount "111"]
[EventDate "2017.05.20"]
[EventType "swiss"]
[EventRounds "6"]
[EventCountry "CAN"]
[SourceTitle "CBM 178 Extra"]
[Source "ChessBase"]
[SourceDate "2017.06.22"]
[SourceVersion "1"]
[SourceVersionDate "2017.06.22"]
[SourceQuality "1"]

1. e4 c5 2. Nf3 e6 3. c4 d6 4. d4 cxd4 5. Nxd4 Nf6 6. Nc3 a6 7. Be2 Be7 8. Be3 Qc7 9. 0-0 0-0 10. Rc1 Nbd7 11. f3 b6 12. Qd2 Bb7 13. Rfd1 Rfe8 14. Bf1 Rac8 15. Qf2 Qb8 16. a3 Bd8 17. Nc2 Bc7 18. g3 Ne5 19. Be2 Bd8 20. Bxb6 Nxc4 21. Ba7 Qc7 22. Bxc4 Qxc4 23. Rxd6 Ba5 24. Ne3 Qb3 25. Qc2 Qxc2 26. Rxc2 Bc7 27. Rd1 Be5 28. Bd4 Bb8 29. Rcd2 h6 30. Na4 e5 31. Bc5 Bc7 32. Nf5 Rcd8 33. Bd6 Bc6 34. Bxc7 Rxd2 35. Rxd2 Bxa4 36. Rd6 Bb5 37. b3 Re6 38. Rd8+ Kh7 39. a4 Bd7 40. Ne3 Bc6 41. Nc4 Bxa4 42. bxa4 Rc6 43. Bxe5 Rxc4 44. Rd4 Rc1+ 45. Kg2 Rc2+ 46. Kh3 Ra2 47. g4 Ng8 48. Kg3 Ne7 49. Rc4 f6 50. Bxf6 gxf6 51. Rc7 Rxa4 52. Rxe7+ Kg8 53. h4 Ra3 54. Ra7 a5 55. Kf4 a4 56. h5 1-0

[Event "Richmond Keres Memorial 42nd"]
[Site "Richmond"]
[Date "2017.05.21"]
[Round "3"]
[White "Valencia, Belsar"]
[Black "Nyamdorj, Davaaochir"]
[Result "1/2-1/2"]
[WhiteElo "2378"]
[BlackElo "2204"]
[PlyCount "54"]
[EventDate "2017.05.20"]
[EventType "swiss"]
[EventRounds "6"]
[EventCountry "CAN"]
[SourceTitle "CBM 178 Extra"]
[Source "ChessBase"]
[SourceDate "2017.06.22"]
[SourceVersion "1"]
[SourceVersionDate "2017.06.22"]
[SourceQuality "1"]

1. c4 e6 2. Nf3 Nf6 3. g3 d5 4. Bg2 Bd6 5. 0-0 0-0 6. d3 c6 7. Bg5 h6 8. Bxf6 Qxf6 9. Nc3 Nd7 10. Qc2 a6 11. d4 Qe7 12. e4 dxc4 13. Nd2 b5 14. e5 Bc7 15. Bxc6 Rb8 16. a4 Qb4 17. axb5 axb5 18. Rfb1 Bb6 19. Nf3 f6 20. Nd5 exd5 21. Bxd5+ Kh8 22. e6 Qd6 23. Nh4 g5 24. Ng6+ Kg7 25. exd7 Bxd7 26. Nxf8 Rxf8 27. Bg2 f5 1/2-1/2

[Event "Edmonton-ch"]
[Site "Edmonton"]
[Date "2017.02.09"]
[Round "3.2"]
[White "Miller, David"]
[Black "Valencia, Belsar"]
[Result "0-1"]
[WhiteElo "2231"]
[BlackElo "2366"]
[PlyCount "48"]
[EventDate "2017.01.05"]
[EventType "k.o."]
[EventRounds "4"]
[EventCountry "CAN"]
[SourceTitle "EXT 2022"]
[Source "ChessBase"]
[SourceDate "2021.10.06"]
[SourceVersion "1"]
[SourceVersionDate "2021.10.06"]
[SourceQuality "1"]

1. e4 c5 2. Nf3 Nc6 3. d4 cxd4 4. Nxd4 Nf6 5. Nc3 d6 6. Bc4 Qb6 7. Nxc6 bxc6 8. 0-0 g6 9. Bb3 Bg7 10. Be3 Qc7 11. f4 Ng4 12. Bd4 0-0 13. Bxg7 Kxg7 14. Qd4+ f6 15. h3 Nh6 16. Qd2 Ba6 17. Rf3 Rad8 18. f5 Qa5 19. Re1 Nf7 20. Rg3 Ne5 21. Qf2 Qb6 22. Ree3 g5 23. Kh2 Kh8 24. h4 gxh4 0-1

[Event "Edmonton-ch"]
[Site "Edmonton"]
[Date "2017.01.05"]
[Round "1.1"]
[White "Valencia, Belsar"]
[Black "Pedersen, Rick"]
[Result "1-0"]
[WhiteElo "2366"]
[BlackElo "1879"]
[PlyCount "47"]
[EventDate "2017.01.05"]
[EventType "k.o."]
[EventRounds "4"]
[EventCountry "CAN"]
[SourceTitle "EXT 2022"]
[Source "ChessBase"]
[SourceDate "2021.10.06"]
[SourceVersion "1"]
[SourceVersionDate "2021.10.06"]
[SourceQuality "1"]

1. Nf3 g6 2. d4 Bg7 3. g3 c6 4. c4 Nf6 5. Nc3 0-0 6. Bg2 d5 7. 0-0 Nbd7 8. cxd5 cxd5 9. Qb3 Nb6 10. a4 Bg4 11. Ne5 Be6 12. Rd1 Ne4 13. a5 Nxc3 14. bxc3 Nc4 15. Nxc4 dxc4 16. Qxb7 Rb8 17. Qxa7 Rb3 18. Ba3 Qd7 19. Qxd7 Bxd7 20. Bb4 Bg4 21. f3 Bd7 22. f4 Rb2 23. Bf3 Re8 24. a6 1-0

[Event "Alberta op"]
[Site "Calgary"]
[Date "2016.10.10"]
[Round "5"]
[White "Kazmaier, Daniel"]
[Black "Valencia, Belsar"]
[Result "1-0"]
[WhiteElo "2209"]
[BlackElo "2275"]
[PlyCount "99"]
[EventDate "2016.10.08"]
[EventType "swiss"]
[EventRounds "6"]
[EventCountry "CAN"]
[SourceTitle "EXT 2018"]
[Source "ChessBase"]
[SourceDate "2017.10.13"]
[SourceVersion "1"]
[SourceVersionDate "2017.10.13"]
[SourceQuality "1"]

1. d4 Nf6 2. Nf3 g6 3. Bf4 Bg7 4. c4 d6 5. Qd2 0-0 6. Nc3 c5 7. d5 Re8 8. e3 Na6 9. Be2 Bd7 10. 0-0 Nc7 11. e4 Bg4 12. h3 Bxf3 13. Bxf3 Nd7 14. Rae1 a6 15. a4 Ne5 16. Be2 e6 17. Bg5 f6 18. Be3 exd5 19. exd5 f5 20. f4 Nd7 21. Kh2 Nf6 22. Bf3 Qd7 23. a5 Rab8 24. Bd1 Ne4 25. Nxe4 Rxe4 26. b3 Rbe8 27. Bf3 R4e7 28. Bf2 Rxe1 29. Rxe1 Rxe1 30. Qxe1 Qe8 31. Qd2 Qd7 32. g3 Ne8 33. b4 cxb4 34. Qxb4 Bf8 35. Qb6 Be7 36. g4 Nf6 37. Kg3 h5 38. g5 Ne4+ 39. Bxe4 fxe4 40. c5 Bd8 41. Qxd6 Qe8 42. Bd4 e3 43. Qe5 Qxe5 44. Bxe5 Bxa5 45. Kf3 Kf7 46. Kxe3 Ke8 47. f5 Bb4 48. c6 bxc6 49. dxc6 gxf5 50. g6 1-0

[Event "Alberta op"]
[Site "Calgary"]
[Date "2016.10.08"]
[Round "1"]
[White "Rogers, Dustin"]
[Black "Valencia, Belsar"]
[Result "0-1"]
[WhiteElo "1689"]
[BlackElo "2275"]
[PlyCount "126"]
[EventDate "2016.10.08"]
[EventType "swiss"]
[EventRounds "6"]
[EventCountry "CAN"]
[SourceTitle "EXT 2018"]
[Source "ChessBase"]
[SourceDate "2017.10.13"]
[SourceVersion "1"]
[SourceVersionDate "2017.10.13"]
[SourceQuality "1"]

1. e4 c5 2. Nf3 e6 3. d4 cxd4 4. Nxd4 a6 5. Bd3 Bc5 6. Nb3 Be7 7. Be3 Nc6 8. a4 b6 9. N1d2 Rb8 10. c3 Ne5 11. Be2 d6 12. f4 Nd7 13. Nd4 Bb7 14. Bh5 g6 15. Bf3 e5 16. Ne2 Ngf6 17. Qc2 0-0 18. 0-0 Qc7 19. f5 gxf5 20. exf5 d5 21. Ng3 Bc5 22. Bxc5 Qxc5+ 23. Kh1 Kh8 24. Rad1 Rfe8 25. b4 Qc7 26. Qb2 a5 27. Nb3 Bc6 28. b5 Bb7 29. Qd2 Qc4 30. Rb1 Qxa4 31. Qh6 Qa3 32. Nh5 Qf8 33. Qg5 Nxh5 34. Bxh5 Qg7 35. Qh4 Nf6 36. Rf3 Qh6 37. Kg1 Nxh5 38. g4 Rg8 39. Kf1 Qg5 40. Qxh5 Qxg4 41. Qxg4 Rxg4 42. Rf2 f6 43. Ke2 Rc8 44. Rc1 Rgc4 45. Rf3 d4 46. Rd3 a4 47. Nd2 Rxc3 48. Rdxc3 dxc3 49. Nf1 Bd5 50. Ne3 Bc4+ 51. Nxc4 Rxc4 52. Kd3 Rc5 53. Kc2 Rxb5 54. Ra1 Rb2+ 55. Kxc3 Rxh2 56. Rxa4 Rf2 57. Rb4 Rxf5 58. Rxb6 Kg7 59. Kd3 Rf4 60. Ke3 h5 61. Rb1 Kg6 62. Rg1+ Kf5 63. Rh1 h4 0-1

[Event "Alberta op"]
[Site "Calgary"]
[Date "2016.10.08"]
[Round "2"]
[White "Valencia, Belsar"]
[Black "Ebrahim Shirazi, Behrooz"]
[Result "1-0"]
[WhiteElo "2275"]
[BlackElo "2022"]
[PlyCount "67"]
[EventDate "2016.10.08"]
[EventType "swiss"]
[EventRounds "6"]
[EventCountry "CAN"]
[SourceTitle "EXT 2018"]
[Source "ChessBase"]
[SourceDate "2017.10.13"]
[SourceVersion "1"]
[SourceVersionDate "2017.10.13"]
[SourceQuality "1"]

1. c4 e5 2. Nc3 Nf6 3. Nf3 d6 4. g3 g6 5. Bg2 Bg7 6. 0-0 0-0 7. d4 Nbd7 8. h3 Re8 9. d5 a5 10. e4 Nc5 11. Ne1 Rf8 12. Bg5 h6 13. Be3 Ne8 14. Qd2 Kh7 15. Nd3 Nxd3 16. Qxd3 b6 17. Rae1 Nf6 18. b3 Nd7 19. f4 exf4 20. gxf4 Nc5 21. Qd2 Qh4 22. Bf2 Qh5 23. Re3 g5 24. Ne2 gxf4 25. Nxf4 Qe5 26. Nd3 Qh5 27. Rg3 Nxd3 28. Qxd3 f5 29. Bd4 Rg8 30. Bxg7 Rxg7 31. Rxg7+ Kxg7 32. exf5 Bd7 33. f6+ Kg8 34. Rf3 1-0

[Event "Alberta-chA"]
[Site "Edmonton"]
[Date "2016.03.27"]
[Round "4"]
[White "Haessel, Dale R"]
[Black "Valencia, Belsar"]
[Result "1-0"]
[WhiteElo "2212"]
[BlackElo "2283"]
[PlyCount "91"]
[EventDate "2016.03.25"]
[EventType "tourn"]
[EventRounds "5"]
[EventCountry "CAN"]
[SourceTitle "EXT 2017"]
[Source "ChessBase"]
[SourceDate "2016.10.25"]
[SourceVersion "1"]
[SourceVersionDate "2016.10.25"]
[SourceQuality "1"]

1. d4 Nf6 2. c4 g6 3. Nc3 Bg7 4. e4 d6 5. Be2 0-0 6. Be3 e5 7. d5 Na6 8. g4 Nc5 9. Bf3 a5 10. h4 Qd7 11. g5 Nh5 12. Bxh5 gxh5 13. Bxc5 dxc5 14. Qxh5 Ra6 15. Qe2 f6 16. Nh3 Qe7 17. 0-0-0 Bxh3 18. Rxh3 fxg5 19. hxg5 Qxg5+ 20. Kb1 Rg6 21. Rg3 Qh4 22. Rxg6 hxg6 23. f3 Qg3 24. d6 cxd6 25. Rxd6 Kh7 26. Rd3 Rf4 27. Na4 Rh4 28. Rd1 Rh2 29. Qd3 Qf2 30. a3 Kh6 31. Ka2 Kg5 32. Qd7 Kh6 33. Qd3 Bf6 34. Qb3 Rh3 35. Qxb7 Qxf3 36. Rd7 Bh4 37. Nxc5 Qe2 38. Qd5 Rh2 39. Rb7 Bg3 40. Qg8 Kg5 41. Ne6+ Kg4 42. Qxg6+ Kh3 43. Rb3 Qe1 44. Qh5+ Kg2 45. Qf3+ Kh3 46. Rb8 1-0

[Event "Alberta-chA"]
[Site "Edmonton"]
[Date "2016.03.26"]
[Round "2"]
[White "Ng, Gary"]
[Black "Valencia, Belsar"]
[Result "1/2-1/2"]
[WhiteElo "2228"]
[BlackElo "2283"]
[PlyCount "146"]
[EventDate "2016.03.25"]
[EventType "tourn"]
[EventRounds "5"]
[EventCountry "CAN"]
[SourceTitle "EXT 2017"]
[Source "ChessBase"]
[SourceDate "2016.10.25"]
[SourceVersion "1"]
[SourceVersionDate "2016.10.25"]
[SourceQuality "1"]

1. Nf3 Nf6 2. c4 g6 3. g3 Bg7 4. Bg2 d6 5. d4 0-0 6. 0-0 Nc6 7. Nc3 a6 8. Bf4 Bg4 9. d5 Na5 10. Qd3 c5 11. Nd2 Nh5 12. Bg5 h6 13. f3 Bd7 14. Be3 b5 15. Bf2 Nxc4 16. Nxc4 bxc4 17. Qxc4 Qb6 18. Rab1 Qb4 19. Qd3 Nf6 20. e4 Bb5 21. Nxb5 Qxb5 22. Qd2 a5 23. Rfe1 Nd7 24. f4 Qb4 25. Qc2 Rac8 26. a3 Qb7 27. b3 Rfe8 28. Qd2 Rb8 29. Bf1 e6 30. dxe6 Rxe6 31. Bc4 Rf6 32. Qxa5 g5 33. Qd2 gxf4 34. gxf4 Rg6+ 35. Kh1 Nf6 36. Bd5 Nxd5 37. Qxd5 Qxd5 38. exd5 Rg4 39. Be3 Bc3 40. Rec1 Ba5 41. b4 cxb4 42. Bd2 Rb5 43. axb4 Bb6 44. Rc6 Rxd5 45. Rxb6 Rxd2 46. Rg1 Rxg1+ 47. Kxg1 Kg7 48. Rc6 Kf6 49. b5 Ke6 50. Rc7 f5 51. Rh7 Kd5 52. Rxh6 Ke4 53. Rg6 d5 54. h4 Rb2 55. b6 d4 56. Kf1 Kxf4 57. h5 d3 58. Ke1 Re2+ 59. Kd1 Re7 60. Kd2 Ke4 61. Rd6 Rb7 62. h6 f4 63. Re6+ Kd4 64. Rf6 f3 65. Rxf3 Rxb6 66. Rxd3+ Ke5 67. Rh3 Rb8 68. h7 Rh8 69. Rh6 Kf5 70. Ke3 Kg5 71. Rh1 Kg6 72. Kf4 Rxh7 73. Rxh7 Kxh7 1/2-1/2

[Event "Northern Alberta op"]
[Site "Edmonton"]
[Date "2016.02.28"]
[Round "5"]
[White "Matras Clement, Agnieszka"]
[Black "Valencia, Belsar"]
[Result "0-1"]
[WhiteElo "2244"]
[BlackElo "2257"]
[PlyCount "98"]
[EventDate "2016.02.27"]
[EventType "swiss"]
[EventRounds "5"]
[EventCountry "CAN"]
[SourceTitle "EXT 2017"]
[Source "ChessBase"]
[SourceDate "2016.10.25"]
[SourceVersion "1"]
[SourceVersionDate "2016.10.25"]
[SourceQuality "1"]

1. e4 c5 2. Nf3 e6 3. d4 cxd4 4. Nxd4 a6 5. Nc3 Qc7 6. Bd3 Nc6 7. Nxc6 bxc6 8. 0-0 Nf6 9. Qe2 d6 10. f4 Be7 11. Kh1 d5 12. f5 e5 13. Bd2 Bb7 14. Rae1 d4 15. Na4 c5 16. b3 c4 17. Bxc4 Nxe4 18. Bc1 Bd6 19. Bd3 Nf6 20. Bg5 0-0 21. Bxf6 gxf6 22. Nb2 Kh8 23. Be4 Rg8 24. Nc4 Bxe4 25. Qxe4 Bb4 26. Re2 Rac8 27. Rf3 Bf8 28. Qh4 Qc6 29. Rh3 h6 30. Re4 Rg5 31. Rg4 Kg8 32. Rhg3 Bg7 33. h3 Re8 34. Kh2 Kf8 35. Nd2 Qxc2 36. Ne4 Ke7 37. Nxg5 fxg5 38. Qh5 Qxf5 39. h4 Qg6 40. Qxg6 fxg6 41. hxg5 h5 42. Re4 Kd6 43. Rf3 Kd5 44. Re1 e4 45. Rf7 Be5+ 46. Kg1 e3 47. Kf1 Ke4 48. Rf3 Rc8 49. a3 Bf4 0-1

[Event "Northern Alberta op"]
[Site "Edmonton"]
[Date "2016.02.27"]
[Round "1"]
[White "Koperski, Dustin"]
[Black "Valencia, Belsar"]
[Result "0-1"]
[WhiteElo "1692"]
[BlackElo "2257"]
[PlyCount "38"]
[EventDate "2016.02.27"]
[EventType "swiss"]
[EventRounds "5"]
[EventCountry "CAN"]
[SourceTitle "EXT 2017"]
[Source "ChessBase"]
[SourceDate "2016.10.25"]
[SourceVersion "1"]
[SourceVersionDate "2016.10.25"]
[SourceQuality "1"]

1. e4 c5 2. d4 cxd4 3. c3 dxc3 4. Nxc3 Nc6 5. Nf3 d6 6. Bc4 e6 7. 0-0 Be7 8. Qe2 Nf6 9. Rd1 e5 10. Be3 0-0 11. Rac1 h6 12. Bc5 Be6 13. Nd5 Bxd5 14. Bxd5 Nxd5 15. Rxd5 Qc8 16. Ba3 Nd4 17. Rxc8 Nxe2+ 18. Kf1 Raxc8 19. Kxe2 Rc2+ 0-1

[Event "Edmonton-ch"]
[Site "Edmonton"]
[Date "2016.02.25"]
[Round "4.2"]
[White "Pechenkin, Vladimir"]
[Black "Valencia, Belsar"]
[Result "1/2-1/2"]
[WhiteElo "2315"]
[BlackElo "2257"]
[PlyCount "69"]
[EventDate "2016.01.07"]
[EventType "k.o."]
[EventRounds "4"]
[EventCountry "CAN"]
[SourceTitle "EXT 2019"]
[Source "ChessBase"]
[SourceDate "2018.10.10"]
[SourceVersion "1"]
[SourceVersionDate "2018.10.10"]
[SourceQuality "1"]

1. c4 g6 2. Nc3 Bg7 3. g3 Nf6 4. Bg2 d6 5. d3 0-0 6. e4 c5 7. Nge2 Nc6 8. 0-0 Ne8 9. Be3 Nd4 10. Rb1 a5 11. Bxd4 cxd4 12. Nb5 e5 13. a4 Nc7 14. f4 Na6 15. f5 Bh6 16. Kh1 f6 17. Ng1 Be3 18. Bh3 Kg7 19. b3 Bxg1 20. Kxg1 g5 21. Bg4 Qe7 22. Bh5 Bd7 23. Rf2 Kh8 24. h3 Rg8 25. Kh2 Rg7 26. Qc2 Nb4 27. Qd2 Bc6 28. Re1 b6 29. Ree2 Na6 30. Re1 Nc5 31. Qd1 Rd8 32. Qb1 Rc8 33. Qd1 Qd8 34. Qb1 Ra8 35. Qd1 1/2-1/2

[Event "Edmonton-ch"]
[Site "Edmonton"]
[Date "2016.01.21"]
[Round "2.1"]
[White "Zeggelaar, Mike"]
[Black "Valencia, Belsar"]
[Result "0-1"]
[WhiteElo "1945"]
[BlackElo "2257"]
[PlyCount "138"]
[EventDate "2016.01.07"]
[EventType "k.o."]
[EventRounds "4"]
[EventCountry "CAN"]
[SourceTitle "EXT 2019"]
[Source "ChessBase"]
[SourceDate "2018.10.10"]
[SourceVersion "1"]
[SourceVersionDate "2018.10.10"]
[SourceQuality "1"]

1. e4 c5 2. c3 d5 3. exd5 Qxd5 4. d4 Nf6 5. Nf3 e6 6. Be2 Be7 7. 0-0 0-0 8. c4 Qd8 9. h3 Nc6 10. Be3 cxd4 11. Nxd4 Nxd4 12. Qxd4 Bd7 13. Bf3 Qc8 14. Nc3 Bc6 15. Bxc6 Qxc6 16. Rfd1 b6 17. b3 Rfd8 18. Qf4 Bd6 19. Qh4 Rd7 20. Bg5 Be5 21. Rxd7 Nxd7 22. Rc1 f6 23. Be3 Nc5 24. Bxc5 Qxc5 25. Qg4 Re8 26. Qe4 h6 27. Qd3 a6 28. Rd1 Bc7 29. Qg6 Qe7 30. Qe4 Be5 31. Qd3 f5 32. Qe3 Bc7 33. Rd3 Kf7 34. Qe2 Rd8 35. Rxd8 Qxd8 36. Qh5+ Kf8 37. Qf3 Qd4 38. g3 Be5 39. Ne2 Qd2 40. Kg2 Qxa2 41. Nf4 Bxf4 42. Qxf4 Qxb3 43. Qd6+ Kf7 44. Qd7+ Kf6 45. Qd8+ Kg6 46. Qe8+ Kh7 47. Qxe6 Qb1 48. Kh2 Qe4 49. Qxb6 Qxc4 50. Qb1 Qc5 51. Kg1 Qb5 52. Qc2 a5 53. g4 Kg6 54. Qa2 Qe5 55. Qc2 Qe4 56. Qc8 fxg4 57. hxg4 a4 58. f3 Qb1+ 59. Kh2 Kh7 60. Qe8 a3 61. f4 a2 62. f5 Qb2+ 63. Kh3 Qf6 64. g5 Qxf5+ 65. Kh4 Qxg5+ 66. Kh3 a1Q 67. Qe4+ Qg6 68. Qf3 Qe6+ 69. Kh4 Qae1+ 0-1

[Event "Edmonton-ch"]
[Site "Edmonton"]
[Date "2016.01.14"]
[Round "1.2"]
[White "Razzaq, Ali"]
[Black "Valencia, Belsar"]
[Result "0-1"]
[WhiteElo "1818"]
[BlackElo "2257"]
[PlyCount "54"]
[EventDate "2016.01.07"]
[EventType "k.o."]
[EventRounds "4"]
[EventCountry "CAN"]
[SourceTitle "EXT 2019"]
[Source "ChessBase"]
[SourceDate "2018.10.10"]
[SourceVersion "1"]
[SourceVersionDate "2018.10.10"]
[SourceQuality "1"]

1. d4 Nf6 2. Bf4 g6 3. Nf3 d6 4. h3 c5 5. dxc5 Qa5+ 6. Nc3 Qxc5 7. e3 Bg7 8. Bd3 Nbd7 9. 0-0 0-0 10. Qd2 b6 11. Rab1 Bb7 12. b4 Qc8 13. e4 Re8 14. Bh2 a6 15. Rfe1 e5 16. a4 Qc7 17. Rb3 Rad8 18. Qe2 Qc8 19. Nd2 d5 20. exd5 Nxd5 21. Nxd5 Bxd5 22. c4 Bb7 23. Bg3 e4 24. Nxe4 f5 25. Qf3 fxe4 26. Bxe4 Rxe4 27. Rxe4 Nf6 0-1

[Event "Edmonton WBX tt"]
[Site "Edmonton"]
[Date "2015.12.13"]
[Round "4"]
[White "Nguyen, Kim"]
[Black "Valencia, Belsar"]
[Result "0-1"]
[WhiteElo "2035"]
[BlackElo "2245"]
[PlyCount "76"]
[EventDate "2015.12.12"]
[EventType "team-tourn"]
[EventRounds "5"]
[EventCountry "CAN"]
[SourceTitle "EXT 2017"]
[Source "ChessBase"]
[SourceDate "2016.10.25"]
[SourceVersion "1"]
[SourceVersionDate "2016.10.25"]
[SourceQuality "1"]

1. e4 c5 2. Nf3 e6 3. b3 a6 4. Bb2 Nc6 5. Bd3 d6 6. 0-0 e5 7. Re1 Nf6 8. Na3 g6 9. c3 Bg7 10. Nc2 0-0 11. Ne3 b5 12. a4 b4 13. Bc4 Be6 14. Ng5 Bxc4 15. Nxc4 h6 16. Nf3 Rb8 17. Rb1 Re8 18. d3 Nh5 19. cxb4 Nxb4 20. Bc3 Nc6 21. Qd2 d5 22. Ba5 Nxa5 23. Nxa5 Qd6 24. Qc3 Nf4 25. h3 Ne6 26. exd5 Qxd5 27. Qc4 Qd6 28. Qc2 Nf4 29. Re3 Nd5 30. Re2 Nb4 31. Qc4 Qxd3 32. Rc1 e4 33. Ne1 Qxc4 34. Nxc4 f5 35. g4 Bd4 36. gxf5 gxf5 37. Kf1 Nd5 38. f3 Nf4 0-1

[Event "Edmonton WBX tt"]
[Site "Edmonton"]
[Date "2015.12.12"]
[Round "1"]
[White "Tran Ly, Tristan"]
[Black "Valencia, Belsar"]
[Result "0-1"]
[WhiteElo "1940"]
[BlackElo "2245"]
[PlyCount "84"]
[EventDate "2015.12.12"]
[EventType "team-tourn"]
[EventRounds "5"]
[EventCountry "CAN"]
[SourceTitle "EXT 2017"]
[Source "ChessBase"]
[SourceDate "2016.10.25"]
[SourceVersion "1"]
[SourceVersionDate "2016.10.25"]
[SourceQuality "1"]

1. d4 Nf6 2. c4 g6 3. Nc3 Bg7 4. e4 d6 5. Nf3 0-0 6. Be2 e5 7. 0-0 Nc6 8. d5 Ne7 9. Ne1 Nd7 10. Be3 f5 11. f3 f4 12. Bf2 h5 13. Rc1 g5 14. c5 a6 15. Na4 b5 16. cxb6 cxb6 17. Nd3 b5 18. Nc3 Nf6 19. Kh1 Ng6 20. a4 g4 21. axb5 g3 22. Bg1 gxh2 23. Bxh2 h4 24. Nf2 Nh5 25. Kg1 Ng3 26. Re1 Qg5 27. Ng4 Bxg4 28. fxg4 Qd8 29. Bxg3 hxg3 30. Bf3 Qb6+ 31. Kh1 Kf7 32. g5 Rh8+ 33. Bh5 Rxh5+ 34. Qxh5 Rh8 35. Qxh8 Nxh8 36. bxa6 Qxa6 37. b4 Qb6 38. b5 Qd8 39. Na4 Qxg5 40. b6 Qh4+ 41. Kg1 Qh2+ 42. Kf1 f3 0-1

[Event "Edmonton WBX tt"]
[Site "Edmonton"]
[Date "2015.12.12"]
[Round "3"]
[White "Valencia, Belsar"]
[Black "Gardner, Robert"]
[Result "1-0"]
[WhiteElo "2245"]
[BlackElo "2149"]
[PlyCount "93"]
[EventDate "2015.12.12"]
[EventType "team-tourn"]
[EventRounds "5"]
[EventCountry "CAN"]
[SourceTitle "EXT 2017"]
[Source "ChessBase"]
[SourceDate "2016.10.25"]
[SourceVersion "1"]
[SourceVersionDate "2016.10.25"]
[SourceQuality "1"]

1. Nf3 Nf6 2. g3 b5 3. Bg2 Bb7 4. d3 d5 5. a4 b4 6. c3 e6 7. a5 Na6 8. 0-0 Bd6 9. Nbd2 0-0 10. Nb3 c5 11. Nfd2 Qc7 12. e4 e5 13. exd5 Bxd5 14. Bxd5 Nxd5 15. c4 Ne7 16. Ne4 f5 17. Ng5 Rf6 18. Qe2 h6 19. Nf3 Nc6 20. Bd2 Qd7 21. Rae1 Kf8 22. Bc1 Re8 23. Nfd2 Qd8 24. Qh5 Nxa5 25. Nxa5 Qxa5 26. f4 Nc7 27. fxe5 Bxe5 28. Nf3 Bd4+ 29. Kh1 Rxe1 30. Rxe1 Qb6 31. Bf4 Ne6 32. Nxd4 cxd4 33. Qf3 Nd8 34. Be5 Rf7 35. Qd5 Qc6 36. Bd6+ Kg8 37. Qxc6 Nxc6 38. Re8+ Kh7 39. Rc8 Na5 40. Bxb4 Nb3 41. c5 a5 42. Ba3 Nc1 43. c6 Kg6 44. Bd6 Nxd3 45. c7 Nf2+ 46. Kg2 Ne4 47. Bf4 1-0

[Event "Alberta op"]
[Site "Edmonton"]
[Date "2015.10.12"]
[Round "5"]
[White "Opasiak, Dustin Tennessee"]
[Black "Valencia, Belsar"]
[Result "0-1"]
[WhiteElo "1773"]
[BlackElo "2232"]
[PlyCount "50"]
[EventDate "2015.10.10"]
[EventType "swiss"]
[EventRounds "6"]
[EventCountry "CAN"]
[SourceTitle "EXT 2017"]
[Source "ChessBase"]
[SourceDate "2016.10.25"]
[SourceVersion "1"]
[SourceVersionDate "2016.10.25"]
[SourceQuality "1"]

1. e4 c5 2. Nf3 e6 3. d3 d5 4. Nbd2 Bd6 5. g3 Nc6 6. Bg2 Nge7 7. 0-0 0-0 8. Re1 Bd7 9. e5 Bc7 10. Nb3 b6 11. c3 a5 12. d4 a4 13. Nbd2 cxd4 14. cxd4 f6 15. exf6 Rxf6 16. Nf1 h6 17. Ne3 Nf5 18. Nxf5 Rxf5 19. g4 Rf8 20. Ne5 Nxe5 21. dxe5 b5 22. Bxd5 exd5 23. Qxd5+ Kh8 24. e6 Qh4 25. Qg2 Bc6 0-1

[Event "Alberta op"]
[Site "Edmonton"]
[Date "2015.10.11"]
[Round "4"]
[White "Valencia, Belsar"]
[Black "Nerubenko, Cyril"]
[Result "0-1"]
[WhiteElo "2232"]
[BlackElo "2113"]
[PlyCount "66"]
[EventDate "2015.10.10"]
[EventType "swiss"]
[EventRounds "6"]
[EventCountry "CAN"]
[SourceTitle "EXT 2017"]
[Source "ChessBase"]
[SourceDate "2016.10.25"]
[SourceVersion "1"]
[SourceVersionDate "2016.10.25"]
[SourceQuality "1"]

1. c4 e5 2. Nc3 Bb4 3. Qc2 Nc6 4. Nf3 Nf6 5. Nd5 Bc5 6. e3 d6 7. a3 a5 8. b3 Be6 9. Nxf6+ Qxf6 10. Bb2 Bf5 11. d3 g5 12. Nd2 Qe7 13. g3 Qd7 14. h4 g4 15. Bg2 a4 16. 0-0 axb3 17. Nxb3 Bb6 18. Qc3 f6 19. d4 Na5 20. c5 Nxb3 21. c6 Qf7 22. cxb7 Rb8 23. Bc6+ Bd7 24. d5 Nxa1 25. Rxa1 Bxc6 26. Qxc6+ Qd7 27. Bc3 Ke7 28. a4 Bc5 29. a5 Qxc6 30. dxc6 d5 31. a6 Kd6 32. Rc1 Kxc6 33. Ba5 Kd6 0-1